000 00893nam a2200205 a 4500
001 000047789
005 20201002060734.0
008 180810s2017 dr abd 000 0 spa d
040 _aDO-SdBNP
_bspa
_cBNPHU
082 _axxxx
_bD668p
100 1 _aDomella, Oscar
_975376
245 1 0 _aEl proceso de reforma y modernización de las administraciones locales en República Dominicana :
_bla experiencia del programa Pascal, una visión retrospectiva en busca de aprendisajes a futuro /
_cOscar Domella, Manuel Parras , Alice Auradou ; prólogo Alberto Navarro, Ricard Bardia.
260 _aSanto Domingo :
_bUnión Europea, Eptisa
_bBúho,
_c2017.
300 _a148 p. :
_bil., mapas ;
_c28 cm.
590 _aInventariado, 2020 /LP
700 1 _aNavarro, Alberto,
_epról.
_975377
700 1 _aBardia, Ricard,
_epról.
_975378
700 1 _aAuradou, Alice
_975379
700 1 _aParras, Manuel
_975380
999 _c47277
_d47277